000 00593nam a2200229Ia 4500
003 OSt
005 20220928113701.0
006 a|||||r|||| 00| 0
007 ta
008 220927b |||||||| |||| 00| 0 eng d
024 _a27360
037 _cTextual
040 _aSDCL
_cSDCL
_beng
041 _2eng
_aeng
082 _aV2y7M69, M5
100 _aPrasad Bimal
_9434468
245 0 _aGandhi,Nehru and J P.
260 _aDelhi
_bChanakya Publications
_c1985
300 _avii,294p
_ccm.
942 _hV2y7M69, M5
_cTEXL
_2CC
999 _c750801
_d750801